000 00673nam a22002417a 4500
003 UA-OsUOA
001 29398
007 ta
008 20041008b un ||||| |||| 00| 0 ukr d
090 _a37.013
_bС41
942 _cBK
040 _aUA-OsUOA
_bukr
_cUA-OsUOA
_dUA-OsUOA
245 _aСитуаційна методика навчання: теорія і практика
_cСост. О.Сидоренко В.Чуба
300 _a256 с.
955 _a0
041 _aukr
080 _a37.013
020 _a966-7345-42-4
260 _aКиїв
_bЦентр інновацій та розвитку
_c2001
044 _aUA
650 7 _2UDC
999 _c315785
_d315785